[Event "Agartala Dutta Memorial 3rd"]
[Site "Agartala"]
[Date "2023.11.05"]
[Round "8"]
[White "Himanshu, Moudgil"]
[Black "Ajay, Kumar Rai"]
[Result "1/2-1/2"]
[WhiteElo "1448"]
[BlackElo "1806"]
[PlyCount "46"]
[EventDate "2023.11.01"]
[EventType "swiss"]
[EventRounds "10"]
[EventCountry "IND"]
[SourceTitle "CBM 217 Extra"]
[Source "ChessBase"]
[SourceDate "2024.01.31"]
[SourceVersion "1"]
[SourceVersionDate "2024.01.31"]
[SourceQuality "1"]

1. d4 g6 2. Nf3 Bg7 3. g3 b6 4. Bg2 Bb7 5. 0-0 Nf6 6. c4 c5 7. d5 d6 8. Nc3 0-0 9. e4 b5 10. cxb5 a6 11. bxa6 Nxa6 12. Nd2 Nb4 13. Nc4 Ba6 14. Qe2 Nd7 15. a3 Ne5 16. axb4 Bxc4 17. Rxa8 Qxa8 18. Qd1 Bxf1 19. Bxf1 cxb4 20. Nb5 Qa1 21. Nd4 Rc8 22. Nb3 Qb1 23. Qe1 Nc4 1/2-1/2

[Event "Agartala Dutta Memorial 3rd"]
[Site "Agartala"]
[Date "2023.11.01"]
[Round "1"]
[White "Ajay, Kumar Rai"]
[Black "Raajdeep, Kar"]
[Result "1-0"]
[WhiteElo "1806"]
[BlackElo "1053"]
[PlyCount "51"]
[EventDate "2023.11.01"]
[EventType "swiss"]
[EventRounds "10"]
[EventCountry "IND"]
[SourceTitle "CBM 217 Extra"]
[Source "ChessBase"]
[SourceDate "2024.01.31"]
[SourceVersion "1"]
[SourceVersionDate "2024.01.31"]
[SourceQuality "1"]

1. d4 g6 2. Nf3 Bg7 3. e4 d6 4. Bd3 Nc6 5. c3 b6 6. 0-0 Bb7 7. Re1 e6 8. Bg5 Nge7 9. d5 exd5 10. exd5 Ne5 11. Bb5+ Kf8 12. Nd4 f6 13. Ne6+ Kf7 14. Nxd8+ Raxd8 15. Bh4 Nf5 16. Bg3 Nxg3 17. hxg3 h5 18. f4 Ng4 19. Qe2 Bf8 20. c4 a6 21. Bd7 f5 22. Qe6+ Kg7 23. Be8 Rh6 24. Qf7+ Kh8 25. Qxf8+ Kh7 26. Re7# 1-0

[Event "Kolhapur Kulkarni Memorial"]
[Site "Kolhapur"]
[Date "2021.12.08"]
[Round "8"]
[White "Ajay, Kumar Rai"]
[Black "Patil, Priyanshu"]
[Result "1-0"]
[WhiteElo "1922"]
[BlackElo "1723"]
[PlyCount "89"]
[EventDate "2021.12.04"]
[EventType "swiss"]
[EventRounds "10"]
[EventCountry "IND"]
[SourceTitle "EXT 2023"]
[Source "ChessBase"]
[SourceDate "2022.10.05"]
[SourceVersion "1"]
[SourceVersionDate "2022.10.05"]
[SourceQuality "1"]

1. d4 Nf6 2. e3 g6 3. Nf3 Bg7 4. Be2 0-0 5. 0-0 c5 6. c3 b6 7. Nbd2 Bb7 8. b3 d6 9. Bb2 Nbd7 10. c4 Qc7 11. d5 e6 12. dxe6 fxe6 13. Rb1 Qc6 14. Qc2 Rad8 15. Rbd1 e5 16. e4 Rfe8 17. Rfe1 Nf8 18. Bf1 Ne6 19. g3 g5 20. Bg2 h6 21. Nb1 Nd4 22. Qd3 Rf8 23. Nc3 Qe8 24. Nxd4 cxd4 25. Nd5 Nxd5 26. exd5 Qf7 27. Rf1 Rde8 28. Be4 Qd7 29. Ba3 Rf6 30. f3 Qh3 31. Rf2 Bc8 32. Rdf1 Ref8 33. Bc1 Bf5 34. Bd2 g4 35. f4 Bxe4 36. Qxe4 h5 37. Rg2 Rf5 38. b4 Bh6 39. c5 bxc5 40. bxc5 exf4 41. Qe6+ Kh7 42. Rb1 R8f7 43. c6 Bg5 44. Rb7 Kg7 45. Qxf5 1-0

[Event "Kolhapur Kulkarni Memorial"]
[Site "Kolhapur"]
[Date "2021.12.06"]
[Round "5"]
[White "Ajay, Kumar Rai"]
[Black "Bartakke, Aditya"]
[Result "1-0"]
[WhiteElo "1922"]
[BlackElo "1678"]
[PlyCount "87"]
[EventDate "2021.12.04"]
[EventType "swiss"]
[EventRounds "10"]
[EventCountry "IND"]
[SourceTitle "EXT 2023"]
[Source "ChessBase"]
[SourceDate "2022.10.05"]
[SourceVersion "1"]
[SourceVersionDate "2022.10.05"]
[SourceQuality "1"]

1. d4 Nf6 2. e3 e6 3. Bd3 d5 4. Ne2 Bd6 5. Ng3 b6 6. Nd2 Ba6 7. c4 0-0 8. 0-0 c5 9. b3 e5 10. dxe5 Bxe5 11. Rb1 Nc6 12. a3 Re8 13. Qc2 d4 14. e4 Ng4 15. Nf3 Bb7 16. b4 Bxg3 17. hxg3 Nce5 18. Nxe5 Nxe5 19. f3 Qd7 20. Bf4 Nxd3 21. Qxd3 Ba6 22. Rfc1 Qe6 23. a4 h6 24. g4 Qf6 25. Qd2 g5 26. Bg3 Qe6 27. Qd3 Red8 28. a5 Qd7 29. axb6 axb6 30. bxc5 bxc5 31. Rb6 Re8 32. Rxh6 Re6 33. Rh5 Rg6 34. Be5 f6 35. Bg3 Rf8 36. Kf2 Kf7 37. e5 Qe6 38. Rh7+ Rg7 39. Re1 Bxc4 40. Qb1 Qa6 41. exf6 Bd3 42. Rxg7+ Kxf6 43. Qb7 Qxb7 44. Rxb7 1-0

[Event "IND-ch 57th"]
[Site "Majitar"]
[Date "2019.12.10"]
[Round "1"]
[White "Laxman, Rajaram"]
[Black "Ajay, Kumar Rai"]
[Result "1-0"]
[WhiteElo "2444"]
[BlackElo "1871"]
[PlyCount "79"]
[EventDate "2019.12.10"]
[EventType "swiss"]
[EventRounds "11"]
[EventCountry "IND"]
[SourceTitle "CBM 193 Extra"]
[Source "ChessBase"]
[SourceDate "2020.01.31"]
[SourceVersion "1"]
[SourceVersionDate "2020.01.31"]
[SourceQuality "1"]

1. d4 d5 2. Nf3 Nf6 3. c4 e6 4. g3 Bb4+ 5. Bd2 Be7 6. Bg2 0-0 7. 0-0 Nbd7 8. Qc2 Ne4 9. Bf4 c6 10. Ne5 f5 11. Nc3 g5 12. Nxd7 Bxd7 13. Be5 Be8 14. Nxe4 fxe4 15. f3 exf3 16. exf3 Bf6 17. Rae1 Bg6 18. Qc3 Bxe5 19. Rxe5 Rf5 20. Rxe6 Bf7 21. Re5 Rxe5 22. dxe5 dxc4 23. f4 gxf4 24. gxf4 Qd3 25. f5 Qxc3 26. bxc3 Bd5 27. Bxd5+ cxd5 28. e6 Re8 29. Rd1 Kg7 30. Rxd5 Kf6 31. Kf2 a6 32. a4 b6 33. Ke3 Rb8 34. Kf4 Rb7 35. Rd8 b5 36. axb5 axb5 37. h4 h5 38. Rg8 Rg7 39. Rxg7 Kxg7 40. Ke4 1-0

[Event "New Delhi Parsvnath op-B 16th"]
[Site "New Delhi"]
[Date "2018.01.10"]
[Round "6"]
[White "Ajay, Kumar Rai"]
[Black "Sachin, Malik"]
[Result "1-0"]
[WhiteElo "1841"]
[BlackElo "1979"]
[PlyCount "141"]
[EventDate "2018.01.09"]
[EventType "swiss"]
[EventRounds "10"]
[EventCountry "IND"]
[SourceTitle "CBM 182 Extra"]
[Source "ChessBase"]
[SourceDate "2018.02.23"]
[SourceVersion "1"]
[SourceVersionDate "2018.02.23"]
[SourceQuality "1"]

1. d4 Nf6 2. c4 e6 3. Nf3 d5 4. e3 b6 5. cxd5 exd5 6. Nc3 Bd6 7. Ne5 Bb7 8. Bb5+ c6 9. Bd3 0-0 10. 0-0 Nbd7 11. f4 a6 12. Bd2 c5 13. Rc1 Ne4 14. Be1 f6 15. Nxe4 Bxe5 16. fxe5 dxe4 17. Bc4+ Kh8 18. e6 b5 19. Be2 Nb6 20. Ba5 Re8 21. dxc5 Qxd1 22. Rfxd1 Nc4 23. Bxc4 bxc4 24. Rd6 Rac8 25. Rxc4 Bc6 26. Rcd4 Kg8 27. Rd8 Rcxd8 28. Rxd8 Rxd8 29. Bxd8 Bd5 30. e7 Kf7 31. a3 Bc6 32. Kf2 g5 33. Ke2 Ke6 34. Kd2 Kd5 35. b4 Be8 36. Kc3 f5 37. Bc7 Ba4 38. Bd6 h6 39. g3 h5 40. h4 g4 41. Bf4 Be8 42. Kb3 Bd7 43. Bd6 Bc6 44. a4 Be8 45. b5 axb5 46. a5 Bc6 47. a6 Ke6 48. Kb4 Kd7 49. Ka5 f4 50. exf4 e3 51. Be5 Kxe7 52. Bc3 Be4 53. Kxb5 Kd7 54. Kb6 Kc8 55. c6 Kb8 56. a7+ Ka8 57. c7 Bf5 58. Bd4 e2 59. Bf2 Bd7 60. Kc5 e1Q 61. Bxe1 Kxa7 62. Kd6 Bc8 63. Bc3 Kb7 64. Be5 Bf5 65. Ke7 Kc6 66. Kf6 Bc8 67. Kg5 Kd5 68. Kxh5 Ke4 69. Kg5 Kf3 70. f5 Ke4 71. f6 1-0